000 00557nmm a22001817a 4500
003 OSt
005 20240426162959.0
006 eBook
008 240426b |||||||| |||| 00| 0 eng d
040 _cMRSPTU
100 _aBhave, M. P
245 _aComputer Programming : For University of Mumbai
250 _a1st
260 _aNew Delhi
_bPearson
_c2009
600 _2Computer Science
856 _3Click here to access the e-book
_uhttps://ebookcentral.proquest.com/lib/gzsptuc/detail.action?docID=5124945&query=Computer+Programming
942 _2ddc
_cEB
_n1
999 _c10160
_d10160